Загрузка...
Macromolecular science /
| Главный автор: | |
|---|---|
| Формат: | Printed Book |
| Язык: | English |
| Опубликовано: |
London ; Boston :
Butterworths,
1975.
|
| Серии: | International review of science
Physical chemistry, series two ; v. 8 |
| Предметы: |
| LEADER | 00842cam a2200229 i 4500 | ||
|---|---|---|---|
| 008 | 750207s1975 enka b 001 0 eng | ||
| 020 | |a 0408706074 | ||
| 040 | |a DLC |b eng |c DLC |d DLC | ||
| 050 | 0 | 0 | |a QD450.2 |b .P59 vol. 8 |a QD381 |
| 082 | 0 | 0 | |a 541/.3/08 s |
| 100 | 1 | |a Bawn, C. E. H. | |
| 245 | 1 | 0 | |a Macromolecular science / |c edited by C. E. H. Bawn. |
| 260 | |a London ; |a Boston : |b Butterworths, |c 1975. | ||
| 300 | |a 303 p. : |b ill. ; |c 24 cm. | ||
| 440 | 0 | |a International review of science | |
| 440 | 0 | |a Physical chemistry, series two ; |v v. 8 | |
| 504 | |a Includes bibliographical references and index. | ||
| 650 | 0 | |a Polymerization. | |
| 650 | 0 | |a Polymers. | |
| 942 | |2 ddc |c BK | ||
| 999 | |c 120116 |d 120116 | ||
| 952 | |0 0 |1 0 |2 ddc |4 0 |6 547_840000000000000_BAW_M |7 0 |9 131955 |a CHE |b CHE |c ST1 |d 1984-09-12 |i 3533 |l 0 |o 547.84 BAW/M |p CHE3533 |r 2013-03-02 |y REF |k GBP 18.00 | ||